Estatísticas para A qual país essa capital pertence?

Clique aqui para jogar o quiz

Estatísticas Gerais

  • Esse quiz foi jogado 1 328 vezes
  • A pontuação média é 94 de 178

Estatísticas das Respostas

CapitalPaís% Correto
CairoEgito
94%
LisboaPortugal
92%
Buenos AiresArgentina
91%
BrasíliaBrasil
91%
Cidade do MéxicoMéxico
90%
Cidade do PanamáPanamá
90%
MadriEspanha
89%
ParisFrança
89%
RomaItália
89%
BerlimAlemanha
88%
PequimChina
88%
WashingtonEstados Unidos
87%
LimaPeru
87%
LondresReino Unido
87%
MoscouRússia
87%
BruxelasBélgica
86%
SantiagoChile
86%
AtenasGrécia
86%
VaticanoVaticano
86%
BogotáColômbia
85%
SeulCoreia do Sul
85%
Cidade da GuatemalaGuatemala
85%
LuxemburgoLuxemburgo
85%
AmsterdãPaíses Baixos
85%
KievUcrânia
85%
CaracasVenezuela
85%
La PazBolívia
84%
DublinIrlanda
84%
Andorra-a-velhaAndorra
83%
VienaÁustria
83%
HavanaCuba
83%
Jerusalém ou Tel AvivIsrael
83%
MônacoMônaco
83%
SingapuraSingapura
83%
MontevidéuUruguai
83%
Nova DéliÍndia
81%
CopenhagueDinamarca
80%
QuitoEquador
80%
BissauGuiné-Bissau
80%
AssunçãoParaguai
80%
OtawwaCanadá
79%
OsloNoruega
79%
San MarinoSan Marino
79%
San SalvadorEl Salvador
77%
VarsóviaPolônia
77%
EstocolmoSuécia
76%
Adu DhabiEmirados Árabes Unidos
74%
BagdáIraque
74%
PyongyanCoreia do norte
73%
ArgelArgélia
72%
BudapesteHungria
72%
HelsinqueFinlândia
70%
BernaSuiça
70%
TeerãIrã
69%
CamberraAustrália
68%
ZagrebCroácia
68%
PretóriaÁfrica do Sul
67%
LuandaAngola
67%
São ToméSão Tomé e Príncipe
67%
BangkokTailândia
67%
SarajevoBósnia
66%
JacartaIndonésia
66%
PragaRepublica Checa
66%
ReykjavikIslândia
65%
BucaresteRomênia
64%
DamascoSíria
64%
SófiaBulgária
63%
AncaraTurquia
62%
GeorgetownGuiana
61%
KingstonJamaica
61%
WellingtonNova Zelândia
61%
NairobiQuênia
61%
PraiaCabo Verde
59%
Porto de PríncipeHaiti
59%
BelgradoSérvia
58%
ParamariboSuriname
58%
BratislavaEslováquia
57%
MaputoMoçambique
57%
DohaCatar
56%
ManilaFilipinas
56%
ManáguaNicarágua
56%
TiranaAlbânia
55%
RiadArábia Saudita
55%
HanóiVietnã
55%
TrípoliLíbia
53%
Santo DomingoRepublica Dominicana
53%
CabuAfeganistão
52%
RabatMarrocos
52%
DakarSenegal
52%
TegucigalpaHonduras
50%
RigaLetônia
50%
IslamabadPaquistão
50%
San JoséCosta Rica
49%
TallinEstônia
49%
MinskBielorrussia
48%
Adis-AbebaEtiópia
48%
VilniusLituânia
48%
TaipéTaiwan
48%
NassauBahamas
47%
NicósiaChipre
46%
LiublianaEslovênia
46%
ValetaMalta
45%
PristinaKosovo
44%
AntananarivoMadagascar
44%
BakuAzerbaijão
42%
TbilisiGeórgia
41%
VaduzLiechtenstein
41%
PodgoricaMontenegro
41%
Skopje ou EscópiaMacedônia
40%
YaoundéCamarões
39%
Pnom PenCamboja
39%
AcraGana
39%
Abidjan ou YamoussoukroCosta do Marfim
38%
CartumSudão
38%
IerevanArmênia
36%
ConacriGuiné
36%
ChisnauMoldávia
36%
AbujaNigéria
36%
Port of SpainTrinidad e Tobago
35%
BelmopanBelize
34%
AstanaCazaquistão
34%
MogadíscioSomália
34%
Colombo e KotteSri Lanka
34%
DhakaBangladesh
33%
DíliTimor-Leste
33%
'ThimpuButão
32%
BridgetownBarbados
31%
WindhoekNamíbia
31%
KinshasaRepública Democrática do Congo
31%
BrazzavilleRepublica do Congo
31%
FreetownSerra Leoa
31%
JubaSudão do Sul
31%
OuagadougouBurkina Faso
30%
MonróviaLibéria
30%
Bandar Seri BegawanBrunei
29%
N'DjamenaChade
29%
TashkentUzbequistão
29%
AsmaraEritreia
28%
SuvaFiji
28%
VictóriaSeychelles
28%
SanaIémen
27%
NiameyNiger
27%
KigaliRuanda
27%
MoroniComores
26%
LibrevilleGabão
26%
BamakoMali
26%
Port LouisMaurícia
26%
Port MoresbyPapua-Nova Guiné
26%
Bishkek ou BisquequeQuirguistão
26%
CastriesSanta Lúcia
26%
RoseauDominica
25%
NouakchottMauritânia
25%
ManamaBahrein
24%
Porto-NovoBenim
24%
BujumburaBurundi
24%
Saint George'sGranada
24%
MalaboGuiné-Equatorial
24%
MaseruLesoto
24%
Saint John'sAntígua e Barbuda
23%
BanjulGâmbia
23%
BanguiRepública Centro Africana
23%
GaboroneBotswana
22%
LilongweMalawi
22%
Lobamba ou MbabaneSuazilândia
22%
NukualofaTonga
22%
FunafutiTuvalu
22%
ApiaSamoa
21%
DuchambeTajiquistão
21%
Port VilaVanuatu
21%
Tarawa do SulKiribati
20%
YarenNauru
20%
HoniaraIlhas Salomão
19%
PalikirMicronésia
19%
MajuroIlhas Marshall
18%
KingstownSão Vicente e Granadinas
18%
Ngerulmud ou MelekokPalau
17%
BasseterreSão Cristóvão e Neves
17%
AsgabateTurquemenistão
17%

Distribuição das Pontuações

Percentil de Números Respondidos

Porcentagem de Pessoas com Cada Pontuação

Sua Pontuação Histórica

Você não jogou esse quiz